Guess the song by emojis - Statistics

General Stats
  • This quiz has been taken 346 times
  • The average score is 11 of 20
Answer Stats
Picture Answer % Correct
Watermelon sugar
89%
Purple rain
87%
Ice ice baby
85%
Diamonds
83%
Bad blood
81%
Kings and queens
73%
Dance monkey
71%
Take me to church
70%
Call me maybe
60%
Bye bye bye
54%
Genie in a bottle
54%
Set fire to the rain
49%
I love rock and roll
44%
No tears left to cry
42%
Walking on sunshine
36%
Anti hero
30%
Ocean eyes
30%
Circles
29%
Blank space
19%
Every breath you take
2%
No matching quizzes found
Score Distribution
Percent of People with Each Score
Percentile by Number Answered
Your Score History
You have not taken this quiz